[Event "Mittelfranken Landesliga Sued 2122"]
[Site "Mittelfranken"]
[Date "2022.06.26"]
[Round "3.6"]
[White "Seifert, Werner"]
[Black "Unger, Michael"]
[Result "0-1"]
[WhiteElo "1877"]
[BlackElo "2101"]
[PlyCount "96"]
[EventDate "2021.10.24"]
[EventType "team-tourn"]
[EventRounds "9"]
[EventCountry "GER"]
[SourceTitle "EXT 2024"]
[Source "ChessBase"]
[SourceDate "2023.10.10"]
[SourceVersion "1"]
[SourceVersionDate "2023.10.10"]
[SourceQuality "1"]
[WhiteTeam "Groebenzell II"]
[BlackTeam "Muenchen SC II"]
[WhiteTeamCountry "GER"]
[BlackTeamCountry "GER"]

1. e4 Nc6 2. Nf3 d6 3. Bb5 Bg4 4. d4 a6 5. Bxc6+ bxc6 6. 0-0 e6 7. Re1 Be7 8. Nc3 Nf6 9. Qd3 0-0 10. Bf4 Nd7 11. Nd2 c5 12. Bg3 Qb8 13. Rab1 Qb4 14. Nc4 cxd4 15. a3 Qc5 16. b4 Qa7 17. Na5 Nb8 18. Ne2 Bxe2 19. Rxe2 Qb6 20. e5 d5 21. Nb3 Nc6 22. Rd1 Rfb8 23. Nxd4 Nxd4 24. Qxd4 Qxd4 25. Rxd4 c5 26. Rd1 cxb4 27. axb4 Rxb4 28. f3 Bc5+ 29. Bf2 Bxf2+ 30. Kxf2 Kf8 31. Ra1 a5 32. Ra3 Ke7 33. c3 Rb5 34. Rea2 Kd7 35. Ke3 Kc6 36. Kd4 Kb6 37. f4 Rb1 38. g3 Kb5 39. Ra4 Rd1+ 40. Ke3 Re1+ 41. Kd3 h5 42. Kd2 Rf1 43. Ke2 Rg1 44. Ke3 Ra6 45. Kd3 g6 46. Ke3 Rb1 47. Kd3 Rh1 48. Ke3 Rxh2 0-1

[Event "Landesliga Sued 1920"]
[Site "Bayern"]
[Date "2020.03.01"]
[Round "7.5"]
[White "Taggatz, Mario"]
[Black "Unger, Michael"]
[Result "1/2-1/2"]
[WhiteElo "2145"]
[BlackElo "2102"]
[PlyCount "68"]
[EventDate "2019.09.29"]
[EventType "team-tourn"]
[EventRounds "9"]
[EventCountry "GER"]
[SourceTitle "EXT 2021"]
[Source "ChessBase"]
[SourceDate "2020.10.23"]
[SourceVersion "1"]
[SourceVersionDate "2020.10.23"]
[SourceQuality "1"]
[WhiteTeam "Groebenzell"]
[BlackTeam "Muenchen SC II"]
[WhiteTeamCountry "GER"]
[BlackTeamCountry "GER"]

1. Nf3 Nf6 2. d4 e6 3. Bg5 c5 4. c3 cxd4 5. cxd4 Qb6 6. Qc2 Nc6 7. Bxf6 gxf6 8. e3 d5 9. Nc3 Bd7 10. a3 Rc8 11. Bd3 f5 12. 0-0 Qd8 13. Qe2 Bd6 14. Rfc1 0-0 15. b4 Qf6 16. Nd2 Ne7 17. f4 Bxf4 18. Qf2 Bd6 19. Ne2 Ng6 20. g3 Rxc1+ 21. Rxc1 Rc8 22. Rxc8+ Bxc8 23. Nf4 Bd7 24. Nf3 Qd8 25. Kg2 Qc7 26. Qe2 Be7 27. h4 Bf6 28. h5 Nxf4+ 29. gxf4 h6 30. Bb5 Bc8 31. Qd2 a6 32. Bd3 Bd7 33. Kf2 Ba4 34. Ke1 Kf8 1/2-1/2

[Event "Oberliga Bayern 1718"]
[Site "Bayern"]
[Date "2017.11.26"]
[Round "3.8"]
[White "Huber, Benedikt"]
[Black "Unger, Michael"]
[Result "1/2-1/2"]
[WhiteElo "2044"]
[BlackElo "2164"]
[PlyCount "86"]
[EventDate "2017.10.22"]
[EventType "team-tourn"]
[EventRounds "9"]
[EventCountry "GER"]
[SourceTitle "EXT 2020"]
[Source "ChessBase"]
[SourceDate "2019.10.17"]
[SourceVersion "1"]
[SourceVersionDate "2019.10.17"]
[SourceQuality "1"]
[WhiteTeam "Muenchen Suedost"]
[BlackTeam "Muenchen 36"]
[WhiteTeamCountry "GER"]
[BlackTeamCountry "GER"]

1. d4 d5 2. c4 Nc6 3. cxd5 Qxd5 4. e3 e5 5. Nc3 Bb4 6. Bd2 Bxc3 7. bxc3 exd4 8. cxd4 Nf6 9. Ne2 0-0 10. Nc3 Qd6 11. Bd3 a6 12. Qf3 Rd8 13. Ne4 Nxe4 14. Bxe4 Be6 15. 0-0 Bd5 16. Bc3 Ne7 17. Bxd5 Nxd5 18. Bb2 Qf6 19. Qg3 c5 20. e4 Nf4 21. Qf3 cxd4 22. Rfd1 Qe5 23. Rab1 Ne6 24. Qf5 Qxf5 25. exf5 Nf4 26. Kf1 d3 27. Be5 Ne2 28. Rb3 Rd5 29. Bc7 Re8 30. Rbxd3 Rxd3 31. Rxd3 Nc1 32. Rd2 Rc8 33. Ke1 Nxa2 34. Ba5 Nc1 35. Bb6 Kf8 36. Kd1 Nb3 37. Rd3 Rc1+ 38. Ke2 Nc5 39. Rd8+ Ke7 40. Rb8 Kd6 41. Bxc5+ Rxc5 42. Rxb7 Re5+ 43. Kf1 Rxf5 1/2-1/2

[Event "Munich OIS op 37th"]
[Site "Munich"]
[Date "2017.10.04"]
[Round "5"]
[White "Hornung, Hans"]
[Black "Unger, Michael"]
[Result "1-0"]
[WhiteElo "2021"]
[BlackElo "2164"]
[PlyCount "117"]
[EventDate "2017.09.30"]
[EventType "swiss"]
[EventRounds "9"]
[EventCountry "GER"]
[SourceTitle "CBM 181 Extra"]
[Source "ChessBase"]
[SourceDate "2017.12.12"]
[SourceVersion "1"]
[SourceVersionDate "2017.12.12"]
[SourceQuality "1"]

1. c4 c6 2. d4 d5 3. Nf3 Nf6 4. e3 dxc4 5. Bxc4 b5 6. Bb3 e6 7. 0-0 Bb7 8. Qe2 Nbd7 9. Nbd2 a6 10. e4 Be7 11. e5 Nd5 12. Ne4 h6 13. Be3 N7b6 14. Rac1 a5 15. Rfd1 a4 16. Bc2 Nb4 17. Bb1 N6d5 18. a3 Na6 19. Ne1 Qd7 20. Nd3 b4 21. Ndc5 Nxc5 22. dxc5 Ba6 23. Qg4 g6 24. axb4 Rb8 25. Bd2 Kf8 26. Nd6 Kg7 27. h4 h5 28. Qe4 Qd8 29. g3 Bb5 30. Nxf7 Kxf7 31. Qxg6+ Kf8 32. Qxe6 Qc8 33. Bh6+ Ke8 34. Qg6+ Kd8 35. Bf5 Qb7 36. Bg7 Re8 37. Qxh5 Kc7 38. Qf7 Rbd8 39. h5 Kb8 40. h6 Bf8 41. e6 Bxg7 42. hxg7 Rg8 43. Rxd5 cxd5 44. e7 Rde8 45. Bh7 Rxg7 46. Qxg7 Rxe7 47. Qf8+ Ka7 48. Bg6 Bc6 49. Bd3 Rf7 50. Qd6 Rd7 51. Qf4 Re7 52. Qd4 Kb8 53. b5 Bxb5 54. Bxb5 Qxb5 55. c6 Qb3 56. Qc3 Qb6 57. Qc5 Qxb2 58. c7+ Kc8 59. Qc6 1-0

[Event "Munich OIS op 37th"]
[Site "Munich"]
[Date "2017.10.01"]
[Round "2"]
[White "Unger, Michael"]
[Black "Jacob, Tobias"]
[Result "0-1"]
[WhiteElo "2164"]
[BlackElo "1898"]
[PlyCount "114"]
[EventDate "2017.09.30"]
[EventType "swiss"]
[EventRounds "9"]
[EventCountry "GER"]
[SourceTitle "CBM 181 Extra"]
[Source "ChessBase"]
[SourceDate "2017.12.12"]
[SourceVersion "1"]
[SourceVersionDate "2017.12.12"]
[SourceQuality "1"]

1. d4 Nf6 2. Bf4 g6 3. Nc3 c5 4. d5 Bg7 5. Qd2 Qa5 6. a3 0-0 7. e4 d6 8. Bd3 Nbd7 9. Nf3 a6 10. 0-0 b5 11. Bh6 Re8 12. Bxg7 Kxg7 13. Rfe1 Bb7 14. Qf4 Rad8 15. Bf1 Qc7 16. Ne2 e6 17. dxe6 Rxe6 18. Ng3 Rde8 19. Rad1 h6 20. c4 Qb6 21. Bd3 Ne5 22. Nxe5 dxe5 23. Qc1 Rd6 24. Bc2 Red8 25. cxb5 axb5 26. Rxd6 Rxd6 27. Qe3 Qc6 28. f3 Nd7 29. Ne2 c4 30. Rd1 Rxd1+ 31. Bxd1 Qd6 32. Bc2 Nc5 33. Nc3 Bc6 34. Kf2 Qd4 35. Ke2 Bd7 36. h4 f5 37. h5 f4 38. Qf2 Qxf2+ 39. Kxf2 gxh5 40. Ke2 Kf6 41. Kd2 Ke6 42. Nd5 Bc6 43. Nb4 Bd7 44. Kc3 Kd6 45. Na2 h4 46. Kb4 h3 47. gxh3 Bxh3 48. Kxb5 Bf1 49. Nc3 h5 50. Kb6 Nd7+ 51. Kb7 h4 52. Nd1 h3 53. Nf2 h2 54. a4 Nc5+ 55. Kb6 Nd3 56. Nh1 Bg2 57. Bd1 Bxh1 0-1

[Event "Oberliga Bayern 1617"]
[Site "Bayern"]
[Date "2016.10.16"]
[Round "1.7"]
[White "Ter Akopyan, Bagrat"]
[Black "Unger, Michael"]
[Result "0-1"]
[WhiteElo "2025"]
[BlackElo "2068"]
[PlyCount "90"]
[EventDate "2016.10.16"]
[EventType "team-tourn"]
[EventRounds "9"]
[EventCountry "GER"]
[SourceTitle "EXT 2019"]
[Source "ChessBase"]
[SourceDate "2018.10.10"]
[SourceVersion "1"]
[SourceVersionDate "2018.10.10"]
[SourceQuality "1"]
[WhiteTeam "Herzogenaurach"]
[BlackTeam "Muenchen 36"]
[WhiteTeamCountry "GER"]
[BlackTeamCountry "GER"]

1. Nf3 b6 2. e4 Bb7 3. Nc3 e6 4. d4 d6 5. Bd3 Nd7 6. 0-0 Ne7 7. Ne2 g6 8. c3 Bg7 9. Ng3 0-0 10. Re1 e5 11. Bd2 h6 12. Qc2 Nc6 13. d5 Ne7 14. b4 c6 15. dxc6 Nxc6 16. a3 Rc8 17. Qb3 Qc7 18. Rec1 Ne7 19. a4 d5 20. a5 dxe4 21. axb6 axb6 22. Nxe4 Kh7 23. Ra7 Ra8 24. Rxa8 Bxa8 25. Bb1 Nf6 26. Nxf6+ Bxf6 27. c4 e4 28. Ne1 Nf5 29. Qh3 Bg7 30. c5 Nd4 31. Qe3 bxc5 32. Bxe4 Bxe4 33. Qxe4 Nb3 34. Bf4 Qd7 35. Rb1 Re8 36. Qc4 Nd4 37. bxc5 Qf5 38. Nd3 Ne2+ 39. Kh1 Nxf4 40. Qxf4 Qxd3 41. Rc1 Qc3 42. g3 Re1+ 43. Rxe1 Qxe1+ 44. Kg2 Qe6 45. Qf3 Bf8 0-1

[Event "Landesliga Sued 1516"]
[Site "Bayern"]
[Date "2016.01.31"]
[Round "6.5"]
[White "Unger, Michael"]
[Black "Trapp, Maximilian"]
[Result "1/2-1/2"]
[WhiteElo "2053"]
[BlackElo "2145"]
[PlyCount "25"]
[EventDate "2015.10.11"]
[EventType "team-tourn"]
[EventRounds "9"]
[EventCountry "GER"]
[SourceTitle "EXT 2018"]
[Source "ChessBase"]
[SourceDate "2017.10.13"]
[SourceVersion "1"]
[SourceVersionDate "2017.10.13"]
[SourceQuality "1"]
[WhiteTeam "Muenchen 36"]
[BlackTeam "Freising"]
[WhiteTeamCountry "GER"]
[BlackTeamCountry "GER"]

1. Nc3 d5 2. e4 dxe4 3. Nxe4 Bf5 4. Qf3 Bxe4 5. Qxe4 c6 6. Bc4 Nf6 7. Qe2 e6 8. Nf3 Be7 9. 0-0 0-0 10. d4 Nbd7 11. Re1 h6 12. Bf4 Nd5 13. Bg3 1/2-1/2

[Event "Landesliga Sued 1516"]
[Site "Bayern"]
[Date "2015.11.15"]
[Round "3.6"]
[White "Unger, Michael"]
[Black "Zur Lage, Julian"]
[Result "0-1"]
[WhiteElo "2053"]
[BlackElo "2084"]
[PlyCount "75"]
[EventDate "2015.10.11"]
[EventType "team-tourn"]
[EventRounds "9"]
[EventCountry "GER"]
[SourceTitle "EXT 2018"]
[Source "ChessBase"]
[SourceDate "2017.10.13"]
[SourceVersion "1"]
[SourceVersionDate "2017.10.13"]
[SourceQuality "1"]
[WhiteTeam "Muenchen 36"]
[BlackTeam "Muenchen Tarrasch"]
[WhiteTeamCountry "GER"]
[BlackTeamCountry "GER"]

1. d4 d5 2. Bf4 Nf6 3. Nf3 c5 4. c3 e6 5. Nbd2 Bd6 6. Bg3 0-0 7. e3 b6 8. Bd3 Bb7 9. Qb1 Qc7 10. Ne5 Nbd7 11. Nxd7 Qxd7 12. Bh4 h6 13. Bxf6 gxf6 14. Qd1 f5 15. Qh5 f6 16. Qxh6 Qg7 17. Qxg7+ Kxg7 18. g3 a5 19. a4 Bc6 20. b3 Rfb8 21. Ke2 Ra7 22. h4 Kh6 23. Rhc1 Rc7 24. Ra2 Bd7 25. c4 cxd4 26. exd4 e5 27. Rd1 e4 28. Bb1 Be6 29. Rc2 Rbc8 30. Rdc1 Ba3 31. Rd1 dxc4 32. Nxc4 Bxc4+ 33. bxc4 Rxc4 34. Rxc4 Rxc4 35. d5 Bd6 36. Ba2 Rxa4 37. Rd2 f4 38. gxf4 0-1

[Event "Regionalliga SW 1314"]
[Site "Bayern"]
[Date "2014.03.16"]
[Round "8.1"]
[White "Braun, Christian"]
[Black "Unger, Michael"]
[Result "1/2-1/2"]
[WhiteElo "2140"]
[BlackElo "2064"]
[PlyCount "39"]
[EventDate "2013.10.13"]
[EventType "team-tourn"]
[EventRounds "9"]
[EventCountry "GER"]
[SourceTitle "EXT 2015"]
[Source "ChessBase"]
[SourceDate "2014.11.20"]
[SourceVersion "1"]
[SourceVersionDate "2014.11.20"]
[SourceQuality "1"]
[WhiteTeam "Bayern Muenchen III"]
[BlackTeam "Sendling"]
[WhiteTeamCountry "GER"]
[BlackTeamCountry "GER"]

1. d4 Nf6 2. c4 e6 3. g3 d5 4. Nf3 c6 5. Bg2 Bd6 6. Qc2 b5 7. c5 Bc7 8. 0-0 Nbd7 9. Bf4 Bxf4 10. gxf4 Qc7 11. e3 Ne4 12. Nbd2 Nxd2 13. Qxd2 a5 14. Kh1 f6 15. Rg1 Nf8 16. b3 Qf7 17. a3 Qh5 18. b4 a4 19. Rae1 Ng6 20. Qd1 1/2-1/2

[Event "Regionalliga SW 1314"]
[Site "Bayern"]
[Date "2014.02.23"]
[Round "7.1"]
[White "Unger, Michael"]
[Black "Josch, Sylvio"]
[Result "1/2-1/2"]
[WhiteElo "2064"]
[BlackElo "2080"]
[PlyCount "74"]
[EventDate "2013.10.13"]
[EventType "team-tourn"]
[EventRounds "9"]
[EventCountry "GER"]
[SourceTitle "EXT 2015"]
[Source "ChessBase"]
[SourceDate "2014.11.20"]
[SourceVersion "1"]
[SourceVersionDate "2014.11.20"]
[SourceQuality "1"]
[WhiteTeam "Sendling"]
[BlackTeam "Muenchen RTA"]
[WhiteTeamCountry "GER"]
[BlackTeamCountry "GER"]

1. d4 d5 2. Nf3 Nf6 3. e3 c5 4. c3 Nc6 5. Bd3 Bg4 6. Nbd2 e6 7. Qa4 Nd7 8. Ne5 Ncxe5 9. dxe5 c4 10. Bb1 a6 11. f4 b5 12. Qc2 Qb6 13. Nf3 Bf5 14. Qe2 Bxb1 15. Rxb1 Nc5 16. 0-0 Be7 17. Bd2 0-0 18. Be1 Ne4 19. Nd4 f5 20. Kh1 Bc5 21. Rf3 Ra7 22. a3 g6 23. h3 Rg7 24. Bh4 h6 25. g4 fxg4 26. hxg4 g5 27. fxg5 Rxf3 28. Qxf3 hxg5 29. Be1 Qc7 30. Nxe6 Rh7+ 31. Kg1 Qxe5 32. Nxc5 Qh2+ 33. Kf1 Rh3 34. Qg2 Nxc5 35. Qxd5+ Kh7 36. Qf7+ Kh8 37. Qf8+ Kh7 1/2-1/2

[Event "Regionalliga SW 1314"]
[Site "Bayern"]
[Date "2014.01.19"]
[Round "5.1"]
[White "Unger, Michael"]
[Black "Schleich, Markus"]
[Result "0-1"]
[WhiteElo "2064"]
[BlackElo "2228"]
[PlyCount "62"]
[EventDate "2013.10.13"]
[EventType "team-tourn"]
[EventRounds "9"]
[EventCountry "GER"]
[SourceTitle "EXT 2015"]
[Source "ChessBase"]
[SourceDate "2014.11.20"]
[SourceVersion "1"]
[SourceVersionDate "2014.11.20"]
[SourceQuality "1"]
[WhiteTeam "Sendling"]
[BlackTeam "Garching II"]
[WhiteTeamCountry "GER"]
[BlackTeamCountry "GER"]

1. d4 Nf6 2. Nc3 d5 3. e4 Nxe4 4. Nxe4 dxe4 5. Bc4 Nc6 6. c3 e5 7. d5 Ne7 8. f3 Nf5 9. Bb5+ Bd7 10. Bxd7+ Qxd7 11. fxe4 Nd6 12. Qe2 Qa4 13. Nf3 Qxe4 14. Nxe5 f6 15. Qxe4 Nxe4 16. Nd3 0-0-0 17. c4 c6 18. Be3 cxd5 19. cxd5 Rxd5 20. Rc1+ Kb8 21. Ke2 Bd6 22. Rc4 Re8 23. Rhc1 g5 24. Nf2 Nxf2 25. Kxf2 Bxh2 26. Rh1 Bg3+ 27. Kf3 Rd3 28. Re4 Be5 29. Rxh7 f5 30. Rb4 Rxe3+ 31. Kf2 Bg3+ 0-1

[Event "Regionalliga SW 1314"]
[Site "Bayern"]
[Date "2013.11.10"]
[Round "2.1"]
[White "Andersen, Jens Knud"]
[Black "Unger, Michael"]
[Result "1/2-1/2"]
[WhiteElo "2143"]
[BlackElo "2064"]
[PlyCount "71"]
[EventDate "2013.10.13"]
[EventType "team-tourn"]
[EventRounds "9"]
[EventCountry "GER"]
[SourceTitle "EXT 2015"]
[Source "ChessBase"]
[SourceDate "2014.11.20"]
[SourceVersion "1"]
[SourceVersionDate "2014.11.20"]
[SourceQuality "1"]
[WhiteTeam "Mering"]
[BlackTeam "Sendling"]
[WhiteTeamCountry "GER"]
[BlackTeamCountry "GER"]

1. d4 Nf6 2. Nf3 e6 3. c4 c5 4. e3 Qc7 5. Nc3 a6 6. Bd3 d6 7. 0-0 Be7 8. b3 Nbd7 9. Bb2 b6 10. Rc1 0-0 11. Qe2 Bb7 12. Rfd1 Rfd8 13. d5 e5 14. Nd2 g6 15. f4 Bf8 16. f5 Qb8 17. g4 g5 18. Nf3 h6 19. h4 Nh7 20. hxg5 hxg5 21. Ne4 Be7 22. Kg2 Kg7 23. Rh1 Rh8 24. Rh3 Ndf6 25. Nexg5 Nxg5 26. Nxg5 Nxd5 27. cxd5 Bxg5 28. Rxh8 Qxh8 29. Rh1 Qd8 30. Qf3 Qf6 31. Qh3 Rg8 32. Be4 Kf8 33. Kf3 Ke7 34. Qh7 Kf8 35. Bc3 Qg7 36. Be1 1/2-1/2

[Event "Regionalliga SW 1314"]
[Site "Bayern"]
[Date "2013.10.13"]
[Round "1.1"]
[White "Pezerovic, Edin"]
[Black "Unger, Michael"]
[Result "1-0"]
[WhiteElo "2358"]
[BlackElo "2064"]
[PlyCount "141"]
[EventDate "2013.10.13"]
[EventType "team-tourn"]
[EventRounds "9"]
[EventCountry "GER"]
[SourceTitle "EXT 2015"]
[Source "ChessBase"]
[SourceDate "2014.11.20"]
[SourceVersion "1"]
[SourceVersionDate "2014.11.20"]
[SourceQuality "1"]
[WhiteTeam "Muenchen 36"]
[BlackTeam "Sendling"]
[WhiteTeamCountry "GER"]
[BlackTeamCountry "GER"]

1. d4 Nf6 2. Nf3 e6 3. Bf4 d5 4. e3 Bd6 5. Bd3 c5 6. dxc5 Bxf4 7. exf4 Qa5+ 8. Nbd2 Qxc5 9. c3 Qc7 10. Ne5 Nbd7 11. Ndf3 0-0 12. 0-0 Ne4 13. Bc2 f6 14. Nxd7 Bxd7 15. f5 Qf4 16. fxe6 Bxe6 17. Nd4 Bf7 18. Qc1 Qh4 19. f3 Nd6 20. Qe1 Qxe1 21. Rfxe1 Rfe8 22. Kf2 a6 23. Bd3 g6 24. Rxe8+ Rxe8 25. Rd1 Kf8 26. a4 Rc8 27. Ne2 Ke7 28. h4 Nc4 29. b3 Ne5 30. h5 f5 31. Bb1 Rc7 32. Rh1 Kf6 33. hxg6 hxg6 34. Rh8 Nd7 35. Ke3 Nc5 36. Bc2 Re7+ 37. Kd2 Ne6 38. Rb8 Ke5 39. g3 Rd7 40. Ke3 g5 41. f4+ Kf6 42. Nd4 Ng7 43. Rh8 Re7+ 44. Kd2 Bg6 45. Rd8 gxf4 46. Rd6+ Kf7 47. gxf4 Nh5 48. Bxf5 Nxf4 49. Bxg6+ Nxg6 50. Rxd5 Ne5 51. Nf5 Rd7 52. Rxd7+ Nxd7 53. Nd6+ Ke6 54. Nxb7 Kd5 55. Na5 Nc5 56. Kc2 Ke4 57. Nc4 Kd5 58. Nb2 a5 59. Nc4 Nb7 60. Kd2 Ke4 61. Ke2 Kd5 62. Kd3 Kc5 63. Ke4 Kc6 64. Kd4 Kc7 65. Kd5 Kd7 66. b4 axb4 67. cxb4 Kc7 68. b5 Nd8 69. a5 Kb7 70. Nd6+ Ka7 71. Kc5 1-0

[Event "Regionalliga SW 1213"]
[Site "Bayern"]
[Date "2013.03.17"]
[Round "8.1"]
[White "Dehlinger, Alexander"]
[Black "Unger, Michael"]
[Result "1-0"]
[WhiteElo "2243"]
[BlackElo "2023"]
[PlyCount "83"]
[EventDate "2012.10.14"]
[EventType "team-tourn"]
[EventRounds "9"]
[EventCountry "GER"]
[SourceTitle "EXT 2015"]
[Source "ChessBase"]
[SourceDate "2014.11.20"]
[SourceVersion "1"]
[SourceVersionDate "2014.11.20"]
[SourceQuality "1"]
[WhiteTeam "Garching II"]
[BlackTeam "Sendling"]
[WhiteTeamCountry "GER"]
[BlackTeamCountry "GER"]

1. c4 e6 2. Nf3 d5 3. d4 c6 4. Qc2 Bd6 5. g3 Nd7 6. Bg2 Ngf6 7. Nbd2 0-0 8. 0-0 Qe7 9. Rd1 Re8 10. e4 e5 11. cxd5 cxd5 12. exd5 Nxd5 13. Re1 Nb4 14. Qb1 Qf8 15. Nc4 Nc6 16. Nxd6 Qxd6 17. dxe5 Ncxe5 18. Bf4 f6 19. Qd1 Nxf3+ 20. Qxf3 Ne5 21. Qb3+ Be6 22. Qxb7 Rab8 23. Qxa7 Rxb2 24. a4 Qb4 25. Bxe5 fxe5 26. Qe3 Bb3 27. a5 Rf8 28. Re2 Bc4 29. Rxb2 Qxb2 30. Rd1 Bb3 31. Qxb3+ Qxb3 32. Bd5+ Qxd5 33. Rxd5 Re8 34. a6 Ra8 35. Ra5 Ra7 36. Kg2 Kf7 37. Kf3 Ke6 38. Ke4 Kf6 39. Kd5 Kf5 40. Kc6 Kg4 41. Kb6 Re7 42. a7 1-0

[Event "Landesliga Sued 1112"]
[Site "Bayern"]
[Date "2012.02.26"]
[Round "7.1"]
[White "Unger, Michael"]
[Black "Schmidt, Wolfgang"]
[Result "1/2-1/2"]
[WhiteElo "2107"]
[BlackElo "2252"]
[PlyCount "28"]
[EventDate "2011.10.02"]
[EventType "team-tourn"]
[EventRounds "9"]
[EventCountry "GER"]
[SourceTitle "EXT 2015"]
[Source "ChessBase"]
[SourceDate "2014.11.20"]
[SourceVersion "1"]
[SourceVersionDate "2014.11.20"]
[SourceQuality "1"]
[WhiteTeam "Sendling"]
[BlackTeam "Landshut"]
[WhiteTeamCountry "GER"]
[BlackTeamCountry "GER"]

1. d4 Nf6 2. g4 Nxg4 3. e4 d6 4. Bg5 g6 5. h3 Nf6 6. Nc3 c6 7. Qd2 b5 8. a3 Bb7 9. Bg2 Qc7 10. f4 h6 11. Bh4 a6 12. Nge2 Nbd7 13. e5 Nd5 14. Ne4 f5 1/2-1/2

[Event "Landesliga Sued 1112"]
[Site "Bayern"]
[Date "2012.01.15"]
[Round "5.1"]
[White "Bayer, Bernhard"]
[Black "Unger, Michael"]
[Result "1-0"]
[WhiteElo "2431"]
[BlackElo "2107"]
[PlyCount "87"]
[EventDate "2011.10.02"]
[EventType "team-tourn"]
[EventRounds "9"]
[EventCountry "GER"]
[SourceTitle "EXT 2013"]
[Source "ChessBase"]
[SourceDate "2012.11.22"]
[SourceVersion "1"]
[SourceVersionDate "2012.11.22"]
[SourceQuality "1"]
[WhiteTeam "Weilheim"]
[BlackTeam "Sendling"]
[WhiteTeamCountry "GER"]
[BlackTeamCountry "GER"]

1. e4 e5 2. Nc3 Nf6 3. f4 d5 4. fxe5 Nxe4 5. d3 Nxc3 6. bxc3 d4 7. Nf3 Bg4 8. Be2 Nc6 9. Rb1 Bc5 10. Ng5 Bxe2 11. Qxe2 h6 12. Ne4 Qe7 13. Rxb7 0-0 14. Rb5 Bb6 15. Nf6+ gxf6 16. Qg4+ Kh7 17. Qe4+ Kh8 18. Qxc6 a6 19. Rd5 Rg8 20. 0-0 dxc3+ 21. Kh1 Qe6 22. Qxe6 fxe6 23. Rd7 f5 24. Bxh6 Rad8 25. Rf7 Rg6 26. Rf8+ Rxf8 27. Bxf8 Bd4 28. Re1 Rg8 29. Ba3 Rb8 30. g3 Rb5 31. Be7 Kg7 32. Bf6+ Kg6 33. Kg2 Rb2 34. Re2 Rxa2 35. Kf3 Rb2 36. h4 a5 37. g4 fxg4+ 38. Kxg4 a4 39. h5+ Kh7 40. Kh4 a3 41. Rg2 a2 42. Rg7+ Kh6 43. Rxc7 a1Q 44. Bg5# 1-0

[Event "Landesliga Sued 1112"]
[Site "Bayern"]
[Date "2011.10.23"]
[Round "2.1"]
[White "Unger, Michael"]
[Black "Nuber, Blasius"]
[Result "0-1"]
[WhiteElo "2107"]
[BlackElo "2300"]
[PlyCount "82"]
[EventDate "2011.10.02"]
[EventType "team-tourn"]
[EventRounds "9"]
[EventCountry "GER"]
[SourceTitle "EXT 2013"]
[Source "ChessBase"]
[SourceDate "2012.11.22"]
[SourceVersion "1"]
[SourceVersionDate "2012.11.22"]
[SourceQuality "1"]
[WhiteTeam "Sendling"]
[BlackTeam "Dillingen"]
[WhiteTeamCountry "GER"]
[BlackTeamCountry "GER"]

1. d4 d5 2. Bf4 Nf6 3. e3 g6 4. Nf3 Bg7 5. h3 0-0 6. Be2 c5 7. c3 Nc6 8. 0-0 Qb6 9. Qb3 c4 10. Qa3 Re8 11. b3 cxb3 12. axb3 Bf5 13. Nbd2 a5 14. g4 Bd7 15. Ne5 Nxe5 16. Bxe5 h5 17. f3 Nh7 18. Bxg7 Kxg7 19. f4 hxg4 20. hxg4 Qf6 21. Kg2 Qe6 22. Kf2 Nf6 23. g5 Ne4+ 24. Nxe4 Qxe4 25. Rh1 f6 26. Rad1 Bf5 27. Bd3 Qe6 28. Bxf5 Qxf5 29. gxf6+ exf6 30. Qc1 g5 31. Qb1 Re4 32. Rdg1 Rae8 33. Rg3 Kf7 34. Rhg1 gxf4 35. Rf3 Rh8 36. Rg2 Rh3 37. Qf1 fxe3+ 38. Ke2 Rf4 39. Rxf4 Qc2+ 40. Ke1 Qc1+ 41. Ke2 Qd2# 0-1

[Event "Landesliga Sued 1011"]
[Site "Bayern"]
[Date "2011.02.27"]
[Round "7.1"]
[White "Wolfsteiner, Helmut"]
[Black "Unger, Michael"]
[Result "1-0"]
[WhiteElo "2316"]
[BlackElo "2209"]
[PlyCount "141"]
[EventDate "2010.10.10"]
[EventType "team-tourn"]
[EventRounds "9"]
[EventCountry "GER"]
[SourceTitle "EXT 2012"]
[Source "ChessBase"]
[SourceDate "2011.11.24"]
[SourceVersion "1"]
[SourceVersionDate "2011.11.24"]
[SourceQuality "1"]
[WhiteTeam "Kriegshaber"]
[BlackTeam "Sendling"]
[WhiteTeamCountry "GER"]
[BlackTeamCountry "GER"]

1. c4 Nf6 2. Nc3 Nc6 3. g3 e5 4. Bg2 Bc5 5. e3 0-0 6. Nge2 d6 7. 0-0 Bg4 8. h3 Bf5 9. d4 Bb6 10. d5 Ne7 11. b3 Rc8 12. Ba3 h5 13. b4 c5 14. dxc6 bxc6 15. b5 c5 16. e4 Be6 17. Nd5 Nfxd5 18. exd5 Bf5 19. f4 f6 20. fxe5 fxe5 21. Bc1 Qd7 22. Bg5 Ba5 23. Kh2 Bg6 24. Qb3 Nf5 25. Qd3 Nh4 26. Be4 Bxe4 27. Qxe4 Nf5 28. Qf3 g6 29. Qd3 Qg7 30. Nc3 Bxc3 31. Qxc3 Nd4 32. Kg2 Rxf1 33. Rxf1 Rf8 34. Qd3 Rf5 35. Be3 Rxf1 36. Qxf1 Nf5 37. Bf2 e4 38. Qe2 Qe5 39. g4 hxg4 40. hxg4 Nd4 41. Qe3 Nf3 42. Bg3 Qb2+ 43. Qf2 Qc1 44. Bxd6 Qxc4 45. Kg3 Qxd5 46. Qxc5 Qxa2 47. Qc8+ Kh7 48. Qb7+ Kg8 49. Qxe4 Qh2+ 50. Kxf3 Qxd6 51. Qa8+ Kf7 52. Qxa7+ Ke8 53. Qa8+ Ke7 54. Qb7+ Kd8 55. Qa8+ Ke7 56. Qe4+ Kd8 57. Qc4 Qd1+ 58. Kf4 Qd2+ 59. Ke4 Qe1+ 60. Kd5 Qh1+ 61. Ke6 Qe1+ 62. Kf6 Qb1 63. Qd5+ Kc7 64. Qc6+ Kb8 65. b6 Qb2+ 66. Kf7 Qb3+ 67. Qe6 Qd3 68. Qxg6 Qd7+ 69. Kf8 Qd4 70. g5 Ka8 71. Qc6+ 1-0

[Event "Landesliga Sued 1011"]
[Site "Bayern"]
[Date "2010.10.10"]
[Round "1.1"]
[White "Unger, Michael"]
[Black "Zill, Christoph"]
[Result "0-1"]
[WhiteElo "2209"]
[BlackElo "2221"]
[PlyCount "64"]
[EventDate "2010.10.10"]
[EventType "team-tourn"]
[EventRounds "9"]
[EventCountry "GER"]
[SourceTitle "EXT 2012"]
[Source "ChessBase"]
[SourceDate "2011.11.24"]
[SourceVersion "1"]
[SourceVersionDate "2011.11.24"]
[SourceQuality "1"]
[WhiteTeam "Sendling"]
[BlackTeam "Freising"]
[WhiteTeamCountry "GER"]
[BlackTeamCountry "GER"]

1. Nf3 e6 2. g3 f5 3. c4 Nf6 4. Nc3 Be7 5. d3 b6 6. e4 fxe4 7. dxe4 Bb7 8. Qd3 0-0 9. Bg2 Na6 10. Nd4 Nb4 11. Qe2 c5 12. Nc2 Ng4 13. f3 Ne5 14. Nxb4 cxb4 15. Nd1 Ba6 16. b3 Bc5 17. Bb2 Nc6 18. Qd2 b5 19. cxb5 Bxb5 20. f4 Qb6 21. h4 Rf7 22. h5 d5 23. e5 Nd4 24. Rc1 Nf5 25. Rh3 Ne3 26. Bf3 Nxd1 27. Rxd1 Be3 28. Qg2 Rc8 29. h6 g6 30. Rh2 Bg1 31. Rh1 Qe3+ 32. Be2 Rc2 0-1